Invisible Survivor Contestants - Statistics

General Stats
  • This quiz has been taken 8 times
  • The average score is 11 of 44
Answer Stats
Hint Answer % Correct
Nicaragua Purple Kelly Shinn
86%
Caramoan Brenda Lowe
43%
41 Heather Aldret
43%
Blood vs Water Katie Collins
43%
South Pacific Rick Nelson
43%
San Juan Del Sur Alec Christy
29%
Samoa Brett Clouser
29%
Amazon Butch Lockley
29%
Philippines Carter Williams
29%
Ghost Island Chelsea Townsend
29%
Heroes vs Villains Danielle DiLorenzo
29%
Pearl Islands Darrah Johnson
29%
Game Changers Hali Ford
29%
Palau Jenn Lyon
29%
Koah Rong Joe Del Campo
29%
Tocantins Joe Dowdle
29%
HHH JP Hilsabeck
29%
44 Kane Fritzler
29%
Second Chance Kelly Wiglesworth
29%
One World Leif Manson
29%
43 Lindsay Carmine
29%
David vs Goliath Lyrsa Torres
29%
Cagayan Morgan McLeod
29%
Winners at War Nick Wilson
29%
42 Swati Goel
29%
All Stars Alicia Calaway
14%
Guatemala Brandon Bellinger
14%
Gabon Dan Kay
14%
Borneo Dirk Been
14%
Edge of Extinction Eric Hafeman
14%
China Erik Huffman
14%
Africa Frank Garrison
14%
Redemption Island Grant Mattos
14%
Island of the Idols Jack Nichting
14%
Vanuatu John Kenney
14%
World's Apart Kelly Remington
14%
Fiji Liliana Gomez
14%
Millennials vs Gen X Michelle Schubert
14%
Micronesia Mikey Bortone
14%
Australian Outback Nick Brown
14%
Exile Island Nick Stanbury
14%
Thailand Penny Ramsey
14%
Cook Islands Rebecca Borman
14%
Marquesas Zoe Zanidakis
14%
No matching quizzes found
Score Distribution
Percent of People with Each Score
Percentile by Number Answered
Your Score History
You have not taken this quiz